header

What pure eyes could see (Record no. 4306)

MARC details
000 -LEADER
fixed length control field 01413nam a2200337Ia 4500
100 1# - MAIN ENTRY--AUTHOR NAME
Personal name Pitkin, Barbara,
245 10 - TITLE STATEMENT
Title What pure eyes could see
260 ## - PUBLICATION, DISTRIBUTION, ETC. (IMPRINT)
Place of publication New York :
Name of publisher Oxford University Press,
Year of publication 1999.
300 ## - PHYSICAL DESCRIPTION
Number of Pages ix, 260 p.
490 1# - SERIES STATEMENT
Series statement Oxford studies in historical theology
650 #0 - SUBJECT ADDED ENTRY--TOPICAL TERM
Topical Term Faith
856 40 - ELECTRONIC LOCATION AND ACCESS
Uniform Resource Identifier http://site.ebrary.com/lib/rucke/Doc?id=10278395

No items available.

© 2026 Rongo University
Contact us: librarian | system librarian | Rongo university